Asian Suburbs Quiz - Statistics

General Stats
  • This quiz has been taken 14 times
  • The average score is 11 of 20
Answer Stats
Suburbs City % Correct
Yokohama / Chiba Tokyo
100%
Quezon City / Valenzuela Manila
83%
Biên Hòa / Thuận An Ho Chi Minh City
67%
Bethlehem / Ramallah Jerusalem
67%
Baoding / Langfang Beijing
58%
Faridabad / Ghaziabad Delhi
58%
Sharjah / Ajman Dubai
58%
Foshan / Dongguan Guangzhou
58%
Taoyuan / New ______ City Taipei
58%
Kobe / Sakai Osaka
50%
Incheon / Goyang Seoul
50%
Suzhou / Wuxi Shanghai
50%
Qods / Karaj Tehran
50%
Fallujah / Abu Ghraib Baghdad
42%
Tangerang / Bogor Jakarta
42%
Putrajaya / Batu Caves Kuala Lumpur
42%
Navi ______ / Thane Mumbai
42%
Johor Bahru / Pasir Gudang Singapore
42%
Nonthaburi / Samut Prakan Bangkok
33%
Gazipur / Narayanganj Dhaka
33%
No matching quizzes found
Score Distribution
Percent of People with Each Score
Percentile by Number Answered
Your Score History
You have not taken this quiz